000 00762nam a2200121Ia 4500
008 220615s9999||||xx |||||||||||||| ||und||
245 0 _aInternet of Things. Information Processing in an Increasingly Connected World
_bFirst IFIP International Cross-Domain Conference, IFIPIoT 2018, Held at the 24th IFIP World Computer Congress, WCC 2018, Poznan, Poland, September 18-19, 2018, Revised Selected Papers
546 _aEnglish[eng]
650 _aComputer science||Special purpose computers||Application software||Computer communication systems||Artificial intelligence||Computer system failures||Operating systems (Computers)
700 _aStrous, Leon||Cerf, Vinton G.
856 _uhttps://library.oapen.org/bitstream/20.500.12657/23113/1/1007043.pdf
942 _cEB
999 _c15770
_d15770